Les pays transcontinentaux - Statistiques

Statistiques générales
  • Ce quiz a été pris 128 fois
    65 depuis la dernière actualisation
  • Le résultat moyen est 16 sur 25
Statistiques - réponses
pays % Correct
22 Russie
97%
23 Turquie
95%
11 France
90%
9 Espagne
86%
21 Royaume Uni
86%
20 Portugal
79%
8 Egypte
78%
19 Pays Bas
71%
7 Danemark
67%
15 Japon
67%
13 Indonésie
66%
14 Italie
64%
2 Arménie
62%
10 Etats Unis
62%
12 Géorgie
60%
18 Panama
60%
4 Azerbaïdjan
59%
3 Australie
55%
6 Colombie
48%
17 Norvège
48%
16 Kazakhstan
47%
5 Chili
40%
24 Venezuela
38%
1 Afrique du Sud
31%
25 Yemen
28%
Aucun quiz correspondant
Distribution des résultats
% des personnes avec chaque résultat
Percentile par nombre de réponses
Votre historique - résultats
Vous n’avez pas pris ce quiz depuis la dernière actualisation